| 000 | 01144nam a2200289Ia 4500 | ||
|---|---|---|---|
| 003 | GCL | ||
| 008 | 140319s9999 xx 000 0 ara d | ||
| 020 | _a977\5930\29\4 | ||
| 040 |
_aGCL / _cGCL |
||
| 082 | 0 | 4 |
_aق _b962.064 _bس س |
| 100 | 1 | _aسامى شرف | |
| 245 | 1 | 0 |
_aسنوات وايام مع جمال عبد الناصر : _bشهادة سامى شرف / _cسامى شرف |
| 250 | _aالاولى | ||
| 260 |
_aالقاهرة : _bالفرسان للنشر ، _c2005 |
||
| 300 |
_a535 ص ؛ _c24 سم |
||
| 650 | 0 | 4 | _aالناصرية |
| 650 | 0 | 4 | _aمحمد نجيب |
| 650 | 0 | 4 | _aالاعتداء الثلاثى على مصر 1956 |
| 650 | 0 | 4 | _aحرب يونيو 1967 - مصر |
| 650 | 0 | 4 | _aمصر - تاريخ - العصر الحديث - جمال عبدالناصر ( 1954-1970 ) |
| 650 | 0 | 4 | _aجمال عبدالناصر |
| 650 | 0 | 4 | _aقناة السويس - تاميم |
| 650 | 0 | 4 | _aالاخوان المسلمون - مصر |
| 650 | 0 | 4 | _aمصر - الاحوال السياسية - جمال عبدالناصر |
| 650 | 0 | 4 | _aمصر - الاحزاب السياسية - جمال عبدالناصر |
| 942 |
_2ddc _cBK |
||
| 999 |
_c9501 _d9501 |
||